[Event "Clutch Chess 2020"]
[Site "Online"]
[Date "2020.05.26"]
[Round "1.4"]
[White "So, Wesley"]
[Black "Nakamura, Hikaru"]
[Result "1-0"]
[WhiteElo "2741"]
[BlackElo "2829"]
[Annotator "TA"]
[PlyCount "75"]
[EventDate "2020.05.24"]
[EventType "k.o."]
[SourceTitle "playchess.com"]
[Source "ChessBase"]
[SourceQuality "1"]

{[%evp 15,75,8,10,20,12,0,0,0,0,0,0,-31,-20,-26,-33,-19,11,16,23,32,27,33,178,186,199,198,191,191,188,195,198,197,197,191,272,264,312,312,310,306,305,298,297,296,420,377,429,236,381,274,267,153,268,265,435,429,390,348,5250,4774,5879,5704]} 1. d4 Nf6 2. c4 e6 3. Nf3 d5 4. g3 Be7 5. Bg2 O-O 6. O-O dxc4 7. Qc2 a6 8. a4 $1 {The main line 8.a4 scores better than 8.Qxc4.} Bd7 9. Bg5 {E05: Open Catalan: 5 Nf3 Be7.} Bc6 10. e3 $5 {[%mdl 4] [#] An interesting side line.} b5 $146 ({Predecessor:} 10... Nbd7 11. Nbd2 h6 12. Bxf6 Nxf6 13. Nxc4 Be4 14. Qe2 c5 15. Rfd1 Qc7 16. Rac1 Rac8 {½-½ (24) Dubov,D (2676)-Radjabov,T (2767) Hamburg 2019}) 11. Bxf6 {The position is equal.} Bxf6 12. Nc3 Qe8 13. Rfd1 g6 14. d5 exd5 15. Nd4 $1 {[%cal Rd4c6]} Bxd4 (15... Bb7 {with more complications.} 16. axb5 Bxd4 17. Nxd5 Be5 18. Nxc7 Bxc7 19. Bxb7 Ra7) 16. Rxd4 Nd7 17. Nxd5 Bxd5 18. Bxd5 Nc5 {This move loses the game for Black.} ({Better is} 18... Rd8 $1 $14) 19. Bxa8 $18 {Strongly threatening axb5.} Nb3 {[#]} 20. Rdd1 $1 Nxa1 21. Rxa1 Qxa8 22. axb5 {[%mdl 4096] Endgame KQR-KQR} a5 23. Qxc4 Rb8 24. h4 h5 (24... Qf3 $142 25. e4 (25. Rxa5 Rd8 $16) (25. Qxc7 Rxb5 26. Qd8+ Kg7 $16) 25... Kf8 26. Rxa5 Rd8) 25. e4 Re8 26. Qxc7 {aiming for b6.} Qxe4 27. b6 ({Much less strong is} 27. Qxa5 $6 Qb7 $16) 27... Re7 28. Qc5 Kh7 29. Qxa5 Qc6 (29... Qb7 {might work better.} 30. Qa7 Qe4) 30. Qb4 Rd7 31. Qa4 (31. Qb3 $142) 31... Qb7 (31... Qe6 $142 32. Qb4 Qc6) 32. Qb3 Re7 33. Qb4 (33. Qc3 $18 {Threatens to win with Ra7.} Re2 34. Ra7) 33... Rd7 (33... Re4 $16 34. Qd6 Rc4) 34. Qc5 Rd2 $2 (34... Qf3 35. Qb4 Qb7) 35. b4 Qe4 {[#]} 36. Qc7 $1 Qf3 $2 (36... Qf5 37. Qc5 Qf3) 37. Rf1 g5 38. b7 {Accuracy: White = 72%, Black = 40%.} 1-0

[Event "Clutch Chess 2020"]
[Site "Online"]
[Date "2020.05.26"]
[Round "1.5"]
[White "Nakamura, Hikaru"]
[Black "So, Wesley"]
[Result "1/2-1/2"]
[WhiteElo "2829"]
[BlackElo "2741"]
[Annotator "TA"]
[PlyCount "183"]
[EventDate "2020.05.24"]
[EventType "k.o."]
[SourceTitle "playchess.com"]
[Source "ChessBase"]
[SourceQuality "1"]

{[%evp 11,183,12,26,16,19,27,10,-5,-8,-15,-4,0,0,0,0,-13,0,0,0,0,3,2,11,2,14,7,20,-1,0,0,0,-10,-11,-6,0,0,0,0,0,0,17,17,17,15,12,20,18,15,12,0,0,0,0,-41,-41,-41,-41,-59,-59,-72,-60,-57,-56,-57,0,-92,-99,-106,-60,-83,-71,-158,-158,-195,-193,-201,0,-133,0,-193,-204,-190,-194,-253,-259,-390,-393,-408,-397,-392,-372,-437,-370,-431,-422,-427,-321,-391,-445,-528,-515,-478,-456,-772,-769,-1209,-1172,-1181,-1131,-950,0,0,0,-793,-208,-187,0,0,0,-208,-208,-208,-205,-200,-194,-177,-152,-141,-87,-82,-107,-169,-70,-72,-57,-57,-57,-57,-57,-55,0,-48,-48,-54,-16,-16,0,-16,-16,-106,-106,-106,-8,-34,-33,-34,-8,-8,-8,-8,-8,-8,0,0,0,0,0,0,0,0,8,0,0,0]} 1. d4 Nf6 2. c4 e6 3. Nf3 d5 4. Nc3 Be7 5. Bf4 O-O 6. e3 b6 7. a3 {7.Bd3 is becoming the main line. D37: Queen's Gambit Declined: 5 Bf4.} (7. Rc1 Bb7 8. cxd5 Nxd5 9. Nxd5 Qxd5 10. a3 c5 11. Bc4 Qd8 12. O-O Bf6 13. dxc5 Bxb2 14. Rb1 Qxd1 15. Rfxd1 Bxa3 16. Bd6 Bxf3 17. gxf3 Rc8 18. cxb6 axb6 19. Bxa3 Rxa3 20. Rxb6 {½-½ (29) Nakamura,H (2743)-So,W (2776) Saint Louis 2019}) 7... c5 8. dxc5 bxc5 9. cxd5 Nxd5 10. Nxd5 exd5 11. Be2 Be6 12. O-O Nc6 13. Qc2 {[#]} a5 $146 ({Predecessor:} 13... Qb6 14. Ng5 Bxg5 15. Bxg5 f6 16. Bf4 c4 17. Rad1 Rad8 18. Rfe1 Rf7 19. h4 Rfd7 {½-½ (47) Los,A (2330)-Krabbe,W (2320) ICCF email 2014}) 14. Rfd1 Qb6 15. Ng5 Bxg5 16. Bxg5 d4 17. Rdc1 dxe3 18. fxe3 Rac8 19. Qc3 h6 20. Bh4 Rfe8 21. Rd1 Ne7 22. Bf3 Nf5 {[%cal Be7f5,Bf5d6,Bd6b5,Bb5a7,Ba7c6,Bc6b4,Bb4d3][%mdl 32]} 23. Bf2 Nd6 24. Bg3 Nb5 25. Qc2 c4 26. a4 $1 {[%cal Ra4b5]} Na7 27. Rd6 Nc6 $1 28. Qc3 Qc5 29. Rad1 Nb4 30. Qd4 Nd3 31. Qxc5 Rxc5 32. Rb6 Bd7 33. Bd6 Rcc8 34. Bd5 Rxe3 35. Rf1 Be6 (35... Bxa4 $6 36. Rxf7 Kh8 37. h3 $14) 36. Bf3 Nc5 37. Rb5 Nxa4 (37... Nb3 $1 $15) 38. Ra1 (38. Bd1 $1 $11 Bd7 39. Rb7 (39. Bxa4 $2 Bxb5 40. Bf4 Rb3 $19)) 38... Bd7 $17 39. Rb7 Be8 40. Bg4 Ra8 41. Kf2 (41. h3 $142) 41... Rd3 42. Be5 Rd2+ 43. Ke3 Rd3+ (43... Rxg2 44. Bf3 $17) 44. Kf2 Rd2+ (44... f6 $17 45. Bf4 c3 46. bxc3 Nxc3) 45. Ke3 $1 $19 {[%cal Re3d2]} Rad8 (45... Rxg2 46. Bf3 $17) 46. Be2 R2d5 47. Bg3 (47. Bc7 {was necessary.} R8d7 48. Bf3 Rd3+ 49. Kf2) 47... Bc6 48. Rc7 (48. Rb8 $142 Rxb8 49. Bxb8) 48... Re8+ 49. Kf2 Rd2 {[%mdl 64] Double Attack} 50. Rxc6 Nxb2 ({Weaker is} 50... Rexe2+ 51. Kf3 $19) 51. Rxa5 Rdxe2+ (51... Rexe2+ $2 52. Kf3 $19) 52. Kg1 Rc2 53. Rf5 Nd3 54. Rc7 f6 55. Rf1 Ree2 56. Kh1 Rxg2 57. Rb1 (57. Rxc4 $142 Rxh2+ 58. Bxh2 Rxc4 59. Rf5) 57... Rge2 58. Rg1 Kh8 59. Rc8+ Kh7 60. Rc7 Kh8 61. Rc8+ $1 Kh7 62. Rc7 $1 Rc1 $2 (62... h5 63. Ra7 c3) 63. Be1 Kh8 (63... Rcxe1 64. Rcxg7+ Kh8 65. Rg8+ Kh7 66. R8g7+ Kh8 67. Rg8+ Kh7 68. R8g7+ $11) 64. Rc8+ $1 Kh7 {[#]} 65. Rc7 $1 {[%cal Rc7g7][%mdl 512]} Kg8 $1 ({Not} 65... Rcxe1 66. Rcxg7+ Kh8 67. Rg8+ Kh7 68. R8g7+ Kh8 69. Rg8+ Kh7 70. R8g7+ $11) 66. Rcxg7+ Kf8 67. Bb4+ Ke8 $1 ({Worse is} 67... Nxb4 68. Rg8+ Kf7 69. R8g7+ Ke6 70. Rxc1 $11) 68. Rxc1 Nxc1 {[%mdl 4096] Endgame KRB-KRN} 69. Rc7 Rc2 ({Black should play} 69... Re4 $1 70. Kg2 Nd3) 70. Re7+ $17 Kd8 71. Rh7 {[#]} (71. Rf7 $17) 71... Nd3 (71... Kc8 $1 $19 {...Nd3 is the strong threat.} 72. Rxh6 Nd3) 72. Be7+ $15 Ke8 73. Bxf6 Nf2+ 74. Kg1 Nh3+ 75. Kh1 Nf2+ (75... h5 $5 76. Be5 Nf2+ 77. Kg1 Nd3 78. Rxh5 Ke7 $17) 76. Kg1 Ng4 77. Bh8 c3 {Strongly threatening ...Rc1+.} 78. Rc7 Rc1+ 79. Kg2 c2 {And now ...Kd8 would win.} 80. Kh3 {[#]} (80. Bb2 $11 {keeps the balance.} Rb1 81. Ba3) 80... Ne3 $1 $17 81. Bd4 Nd5 ({Black should try} 81... Re1 $17 82. Bxe3 Rxe3+ 83. Kg4 Re2) 82. Rc4 Rd1 {Threatens to win with ...Rd3+.} 83. Bb2 Rd3+ (83... Nb4 $5 84. Rxb4 Rb1 $15) 84. Kh4 {The position is equal.} Ne3 85. Rc5 Ng2+ (85... Kd7 $5) 86. Kh5 Rh3+ 87. Kg4 Rb3 88. Bc1 Ne3+ 89. Kf4 Ng2+ 90. Kg4 Ne3+ 91. Kf4 Ng2+ 92. Kg4 {Whites escaped into a draw. Accuracy: White = 76%, Black = 82%.} 1/2-1/2

[Event "Clutch Chess 2020"]
[Site "Online"]
[Date "2020.05.26"]
[Round "1.5"]
[White "Dominguez Perez, Leinier"]
[Black "Caruana, Fabiano"]
[Result "1/2-1/2"]
[WhiteElo "2786"]
[BlackElo "2773"]
[Annotator "TA"]
[PlyCount "207"]
[EventDate "2020.05.24"]
[EventType "k.o."]
[SourceTitle "playchess.com"]
[Source "ChessBase"]
[SourceQuality "1"]

{[%evp 18,207,33,10,24,11,6,9,13,16,25,-2,21,32,18,18,18,18,20,26,21,26,25,33,21,10,20,0,0,0,0,0,3,0,0,-41,-36,-40,-47,-60,-60,-65,-65,-61,-64,-62,-52,-70,-52,-54,-41,-49,-7,-22,-13,-14,-17,-43,-27,-44,-29,-25,-2,-4,-2,-2,-2,-2,3,0,0,-20,-15,-202,-122,-122,-122,-122,-121,-114,-122,-126,-110,-133,-112,-125,-70,-113,-70,-70,-70,-70,-70,-70,-70,-70,-70,-70,-70,-70,-70,-70,-70,-70,-70,-70,0,-70,-78,-104,0,-70,-70,-70,-70,-70,-70,-70,-70,-70,-70,-70,-70,-70,-70,-61,-63,-85,-70,-70,-66,-64,-64,-64,-59,-452,-373,-404,-420,-924,-142,-133,-129,-122,-88,-181,-79,-92,-92,-93,-91,-91,-90,-110,-110,-118,-13,-13,-13,-13,0,0,0,0,0,0,0,0,0,0,0,0,0,0,0,0,0,0,0,0,0,0,0,0,0,0,0,0,0,0,0,0]} 1. e4 e5 2. Nf3 Nc6 3. Bb5 Nf6 4. O-O Nxe4 5. d4 Nd6 6. Bxc6 dxc6 7. dxe5 Nf5 8. Qxd8+ Kxd8 9. Nc3 {[%cal Bb1c3,Bc3e2,Be2f4][%mdl 32] 9.h3 is more fashionable. Played by Ian Nepomniachtchi in April 2020.} Ke8 10. h3 h5 {C67: Ruy Lopez: Berlin Defence: 4 0-0 Nxe4.} 11. Ne2 b6 12. Rd1 Ba6 13. Nf4 Bb7 14. a4 {[#]} a5 $146 ({Predecessor:} 14... Be7 15. e6 Bd6 16. exf7+ Kxf7 17. Ng5+ Kf6 18. Ne4+ Kf7 19. a5 c5 20. Nxd6+ cxd6 {½-½ (68) Kramnik,V (2811)-Malakhov,V (2712) Sochi 2017}) 15. e6 Bd6 16. exf7+ Kxf7 17. Ng5+ Kf6 18. Ne4+ $1 Kf7 19. Nxd6+ Nxd6 20. Nd3 Rhe8 21. Bf4 Re6 22. Ne5+ Kf6 23. Nd7+ Ke7 $1 {[%cal Re7d7]} 24. Ne5 Kf6 25. Nd7+ Ke7 $1 {[%cal Re7d7]} 26. Bxd6+ Rxd6 27. Ne5 Rad8 $36 {[%mdl 2048] Black fights for an advantage.} 28. Re1 Kf6 29. Ra3 c5 30. Rae3 Rd1 31. Nc4 Rxe1+ 32. Rxe1 $15 {[%mdl 4096] Endgame KRB-KRN} Ba6 33. Ne3 Bc8 34. Kf1 c6 35. Rd1 Rd4 36. Ke1 Be6 37. Ra1 h4 38. Ra3 g5 39. c3 Rd3 40. Ke2 c4 41. Ra1 Ke5 42. Rc1 b5 43. axb5 cxb5 44. Ra1 a4 45. Ra3 $2 (45. Nc2 $1 $11 {and White has nothing to worry.}) 45... Bf7 46. Ra1 Bh5+ 47. Ke1 Bg6 48. Ke2 Rd8 49. Ng4+ Kf4 50. Ne3 Bd3+ 51. Ke1 Ke5 (51... Be4 $17) 52. Ra3 Kd6 53. Ra1 Kc5 54. Ra3 Kb6 55. Ra1 Ka5 56. Ra3 Rd7 57. Kd2 Bg6+ 58. Ke1 Kb6 59. Ra1 Kc5 60. Ra3 Rd3 61. Ra1 Be8 (61... Rd6 $15) 62. Rc1 (62. Nc2 $1 $11) 62... Bc6 63. Ke2 Rd8 (63... Kd6 $1 $17) 64. Ke1 (64. f3 $1 $11) 64... Be4 65. Ra1 Rb8 66. Kd2 Ra8 67. Ra3 b4 68. cxb4+ Kxb4 69. Rc3 Rd8+ 70. Kc1 Bd3 71. Ra3 Rf8 72. f3 Re8 73. Kd2 Kb5 74. Ra1 Ka5 75. Ra3 Kb4 76. Rc3 $2 {[%mdl 8192]} ({White should play} 76. Nd5+ $15 Kc5 77. Nc3) 76... Kc5 $1 $19 77. Rc1 Kd4 78. Re1 {[#]} (78. Nc2+ $142 Bxc2 79. Rxc2) 78... Rb8 $2 (78... Re5 $1 $19 {and Black stays clearly on top.} 79. Nd1 Rxe1 80. Kxe1 Bc2) 79. Nc2+ $17 Kc5 80. Kc1 Kd6 81. Re3 {[#]} (81. Na3 $17) 81... Bf1 (81... Rb5 $1 $19 {has better winning chances.} 82. Re8 Re5 83. Rd8+ Kc7) 82. f4 gxf4 83. Rf3 Bxg2 84. Rxf4 Rh8 85. Ne3 Bxh3 {And now ...Be6 would win.} 86. Nxc4+ Kc5 ({Black should try} 86... Kd5 $17 87. Ne3+ {[%mdl 64] Discovered Attack} Kc5 88. Rxa4 Be6) 87. Ne5 $1 $11 {The position is equal.} Be6 {Threatens to win with ...h3.} 88. Ng6 $1 {[%cal Rg6h8]} Rg8 {Strongly threatening ...h3.} 89. Nxh4 Rg1+ 90. Kd2 Bb3 91. Rf5+ Kd6 92. Nf3 Rb1 93. Nd4 Rxb2+ 94. Kc3 Rb1 95. Nxb3 Rxb3+ {KR-KR} 96. Kc2 Kc6 97. Ra5 Rb4 98. Kc3 Rh4 99. Kb2 Kb6 100. Rf5 Rb4+ 101. Ka3 Rb5 102. Rf4 Ra5 103. Rxa4 Rxa4+ 104. Kxa4 {And White is the lucky defender. Accuracy: White = 84%, Black = 84%.} 1/2-1/2

[Event "Clutch Chess 2020"]
[Site "Online"]
[Date "2020.05.26"]
[Round "1.6"]
[White "Caruana, Fabiano"]
[Black "Dominguez Perez, Leinier"]
[Result "1-0"]
[WhiteElo "2773"]
[BlackElo "2786"]
[Annotator "TA"]
[PlyCount "107"]
[EventDate "2020.05.24"]
[EventType "k.o."]
[SourceTitle "playchess.com"]
[Source "ChessBase"]
[SourceQuality "1"]

{[%evp 17,107,0,0,0,0,0,5,0,8,2,0,0,0,0,0,-9,-9,-14,-18,-23,-7,-25,0,0,4,6,4,0,7,0,0,0,0,0,8,0,0,0,0,0,0,0,0,0,0,0,0,0,0,0,0,0,0,-62,0,0,0,0,0,0,0,-54,43,52,70,68,95,81,95,88,102,23,229,222,315,292,459,437,430,408,850,836,807,739,934,775,650,387,29988,29985,29995,29996]} 1. d4 Nf6 2. c4 e6 3. Nc3 Bb4 4. e3 O-O 5. Bd3 d5 6. Nf3 dxc4 7. Bxc4 c5 8. O-O cxd4 9. exd4 b6 10. Ne5 {E54: Nimzo-Indian: Rubinstein: Main Line: 7...dxc4 8 Bxc4.} Bb7 11. Qb3 Bxc3 12. bxc3 {The position is equal.} Bd5 13. Ba3 {Bxd5 is the strong threat.} Re8 14. Rfe1 Qc7 15. Bxd5 exd5 {[#]} 16. c4 $146 ({Predecessor:} 16. Qa4 Nbd7 17. Nc6 Kh8 18. c4 dxc4 19. Qxc4 Rxe1+ 20. Rxe1 Rc8 21. Rc1 Nb8 22. Na5 Qxc4 23. Nxc4 {½-½ (23) Au Cardero,R (2365)-Arreaga Orozco,A (2339) ICCF email 2012}) 16... Nc6 17. Nxc6 ({Much worse is} 17. cxd5 Nxd4 18. Qb2 Rxe5 $17) 17... Qxc6 18. c5 h6 19. h3 Rxe1+ 20. Rxe1 Re8 21. Rxe8+ Qxe8 22. Qd1 Qe6 23. Bc1 Nd7 24. Be3 bxc5 25. dxc5 Nb8 26. Qf3 Nc6 27. Qf4 h5 28. f3 f6 {White must now prevent ...g5.} 29. Bf2 Kf7 30. h4 Qe5 31. Qa4 Qe6 32. Qf4 d4 33. Bxd4 Qxa2 34. Qc7+ {[%mdl 64] [#] Double Attack} Ne7 35. Kh2 ({White should play} 35. c6 $11) 35... Qd5 (35... Qd2 $1 $15 36. Qd7 a5) 36. Bc3 $11 a6 37. Qa7 Qc6 38. Ba5 Ke6 39. Bb6 (39. Bd2 $11) 39... Nf5 (39... Qa4 $15) 40. Qxa6 $14 Ne7 41. Qa7 Qd5 {[#]} 42. Bc7 $1 Qd7 43. Qa6+ Qc6 44. Qe2+ (44. Qa5 $16) 44... Kf7 $2 {Black cannot hold the game after this.} (44... Kd7 $11 {and Black is okay.} 45. Bb6 Nf5) 45. Bd6 $18 Nd5 (45... Nc8 $142 46. Qc4+ Kg6) 46. Qc4 Ke6 (46... g6 $142 47. g4 hxg4 48. fxg4 Kg7) 47. Qe4+ Kf7 48. Qh7 Nb4 (48... Ne3 $142 49. Qxh5+ Kg8) 49. Qxh5+ Kg8 50. Qg4 Qb7 51. h5 Nc6 52. h6 g5 $2 (52... Nd8 $18 53. Bg3 Qf7) 53. Qe4 Qd7 54. Qg6+ {[%mdl 64] Double Attack. Accuracy: White = 89%, Black = 64%.} 1-0

[Event "Clutch Chess 2020"]
[Site "Online"]
[Date "2020.05.26"]
[Round "1.6"]
[White "So, Wesley"]
[Black "Nakamura, Hikaru"]
[Result "0-1"]
[WhiteElo "2741"]
[BlackElo "2829"]
[Annotator "TA"]
[PlyCount "56"]
[EventDate "2020.05.24"]
[EventType "k.o."]
[SourceTitle "playchess.com"]
[Source "ChessBase"]
[SourceQuality "1"]

{[%evp 12,56,39,30,23,23,21,22,26,15,96,127,128,48,33,0,50,54,216,0,0,-29,0,-45,-45,-47,-43,-42,-36,-37,0,0,0,-187,-196,-202,-189,-288,-255,-296,-291,-352,-346,-347,-338,-424,-358]} 1. e4 c5 2. Nf3 e6 3. d4 cxd4 4. Nxd4 a6 5. c4 Nf6 6. Nc3 {[%cal Bb1c3,Bc3e4,Be4g5][%mdl 32]} Qc7 7. a3 {7.Be2 deserves study.} Nxe4 {B41: Sicilian: Kan Variation: 5 c4.} 8. Nxe4 Qe5 9. Bd3 Qxd4 {The position is equal.} 10. Qe2 {[#]} Qe5 $5 $146 {[%mdl 8] An interesting novelty.} (10... Be7 $11) ({Predecessor:} 10... Nc6 11. Be3 Qe5 12. O-O Be7 13. f4 Qc7 14. c5 f5 15. Nd2 d5 16. cxd6 Bxd6 {1-0 (44) Kryvoruchko,Y (2710)-Papin,V (2502) Berlin 2015}) 11. f4 {[%mdl 1024] White has strong compensation.} Qc7 {[#]} 12. O-O (12. f5 $1 $16) 12... f5 $1 $14 {[%cal Rf5e4]} 13. Ng5 Be7 14. b4 Bf6 $2 {[#]} (14... O-O $14) 15. Ra2 $2 ({White must play} 15. Bxf5 $1 $18 Bxa1 16. Be3) 15... O-O $11 16. Be3 d6 17. c5 d5 $1 18. g4 Nc6 19. gxf5 exf5 {White must now prevent ...Re8.} 20. Qf3 h6 21. Qxd5+ {[%mdl 64] Double Attack} Kh8 22. Re2 $2 (22. h4 $1 $11 {and White has nothing to worry.}) 22... hxg5 $19 23. fxg5 Qd8 24. Qf3 (24. Qxd8 {is a better defense.} Rxd8 25. Bxf5) 24... Qxd3 ({Worse is} 24... Bxg5 25. Qh5+ Bh6 26. Bxh6 $16) 25. gxf6 Rxf6 {aiming for ...f4.} 26. Qh5+ Kg8 27. Bg5 Qd4+ 28. Kh1 Be6 {Accuracy: White = 46%, Black = 67%.} 0-1

[Event "Clutch Chess 2020"]
[Site "Online"]
[Date "2020.05.27"]
[Round "1.7"]
[White "Caruana, Fabiano"]
[Black "Dominguez Perez, Leinier"]
[Result "1/2-1/2"]
[WhiteElo "2773"]
[BlackElo "2786"]
[Annotator "TA"]
[PlyCount "140"]
[EventDate "2020.05.24"]
[EventType "k.o."]
[SourceTitle "playchess.com"]
[Source "ChessBase"]
[SourceQuality "1"]

{[%evp 18,140,6,17,6,10,12,12,12,0,10,0,19,-25,-9,-12,-11,-26,-14,-14,-6,-14,-9,-13,-9,-10,-10,-7,0,-7,-2,-6,0,0,8,0,0,0,14,0,5,3,4,6,16,10,37,9,20,17,28,13,13,13,89,0,0,0,0,0,0,0,0,0,0,-29985,0,0,0,0,0,0,0,0,0,0,0,0,22,22,22,22,22,16,22,22,15,16,16,8,22,8,23,23,23,23,34,34,34,34,39,39,5093,5,5,0,34,0,0,0,34,34,34,0,0,0,0,0,0,0,0,0,5,0,5]} 1. d4 Nf6 2. c4 e6 3. Nc3 Bb4 4. e3 O-O 5. Bd3 d5 6. Nf3 dxc4 7. Bxc4 c5 8. O-O Nc6 {[%cal Bb8c6,Bc6e7,Be7f5][%mdl 32]} 9. a3 Ba5 10. Bd3 h6 {is the legacy move (10...cxd4). E56: Nimzo-Indian: Rubinstein: Main Line: 7...Nc6.} 11. Bc2 cxd4 12. exd4 Bc7 13. Be3 {[#]} Ne7 $146 ({Predecessor:} 13... b6 14. Qd2 Ne7 15. Rad1 Nf5 16. Bf4 Bxf4 17. Qxf4 Ne7 18. Ne5 Bb7 19. Ng4 Nxg4 20. Qxg4 {0-1 (53) Kotsur,P (2559)-Bruzon Batista,L (2664) Tromsoe 2014}) 14. Ne5 Nf5 15. Qd2 b6 16. Rad1 Bb7 17. Bf4 Nd5 18. Nxd5 Qxd5 {[%csl Gb7][%cal Rd5g2]} 19. f3 {Hoping for Be4.} Rad8 {[%cal Rd5d4]} 20. Bxf5 ({Much worse is} 20. Be4 Qxd4+ 21. Qxd4 Rxd4 $17) 20... exf5 21. Ng6 $1 {[%cal Rg6e7]} fxg6 22. Bxc7 Rd7 23. Be5 g5 24. Rde1 f4 25. h3 Qf7 (25... Ba6 $5) 26. Rf2 h5 27. Qd3 Bd5 28. a4 Rc8 (28... Bb3 {is more complex.} 29. a5 bxa5 30. Rc1 a4 31. Qb5 Rfd8) 29. Rc2 Rxc2 30. Qxc2 Re7 31. Rc1 Be6 32. Qd2 Qf5 33. a5 Bd5 34. axb6 axb6 35. Qb4 Qe6 {[#]} (35... Rd7 $11) 36. Qb5 (36. Rc8+ $1 $16 {[%mdl 512]} Kh7 (36... Qxc8 37. Qxe7) 37. Rd8) 36... g4 $11 37. hxg4 ({Avoid the trap} 37. Bxf4 $2 gxf3 38. Be5 fxg2 $19) 37... hxg4 38. fxg4 ({Wrong is} 38. Bxf4 $2 gxf3 39. gxf3 Rf7 $19) 38... Rf7 {...f3 is the strong threat.} 39. Kf2 Bb7 40. Rh1 Qxg4 41. Qe8+ Rf8 {[#]} 42. Rh8+ $1 {[%mdl 576] Decoy} Kxh8 43. Qxf8+ {[%mdl 64] Double Attack} Kh7 44. Qxf4 Qxg2+ 45. Ke3 Qg1+ 46. Kd2 Qg2+ 47. Kc3 Qf3+ (47... Qc6+ {is interesting.} 48. Kb4 Qd5 49. Qg4 Qa5+ 50. Kb3 Bd5+) 48. Qxf3 Bxf3 {[%mdl 4096] Endgame KB-KB} 49. Kc4 Kg6 50. Kb5 Kf7 51. Kxb6 g5 52. b4 Ke6 53. Kc5 g4 54. b5 Be4 55. Bg3 Bf3 56. Bf2 Be4 57. Kb6 Kd7 58. Bg3 Bf3 59. Ka7 Be4 $2 {[%mdl 8192] [#]} (59... Kc8 $14) 60. b6 $2 (60. Kb8 $1 $18 Ke6 61. Kc7) 60... Kc8 61. Ka6 Bf3 62. Kb5 Kd7 63. Ka5 Bg2 64. Ka6 {Strongly threatening b7.} Kc8 65. Kb5 Kd7 {The position is equal.} 66. Kc5 {White threatens d5 and mate.} Ke6 67. Kc4 Bf3 68. Kc5 Bg2 69. Kc4 Bf3 70. Kc5 Bg2 {White used his chance. Accuracy: White = 85%, Black = 87%.} 1/2-1/2

[Event "Clutch Chess 2020"]
[Site "Online"]
[Date "2020.05.27"]
[Round "1.7"]
[White "So, Wesley"]
[Black "Nakamura, Hikaru"]
[Result "1-0"]
[WhiteElo "2741"]
[BlackElo "2829"]
[Annotator "TA"]
[PlyCount "48"]
[EventDate "2020.05.24"]
[EventType "k.o."]
[SourceTitle "playchess.com"]
[Source "ChessBase"]
[SourceQuality "1"]

{[%evp 15,48,8,20,0,7,10,20,0,0,0,0,0,20,35,104,110,92,117,255,282,261,283,260,268,675,637,666,659,1020,861,1009,1000,980,972,938]} 1. d4 Nf6 2. c4 e6 3. Nf3 d5 4. Nc3 Be7 5. Bg5 h6 6. Bf4 O-O 7. e3 c5 8. dxc5 Bxc5 9. a3 {D55: Queen's Gambit Declined: 4 Bg5 Be7: Lines without ...h6 and 6...h6 7 Bxf6.} Nc6 10. Qc2 Qa5 11. O-O-O {The position is equal.} Be7 12. g4 {[#]} dxc4 $146 ({Predecessor:} 12... e5 13. Nxe5 Nxe5 14. Bxe5 Bxg4 15. Rd4 Bf3 16. Rg1 dxc4 17. Qf5 Rfe8 18. Bxc4 Kf8 {1-0 (38) Scalcione,M (2292)-Costantini,R (2314) Reggio Emilia 2001}) 13. Bxc4 Rd8 14. Rxd8+ Qxd8 (14... Nxd8 $14 15. Rg1 g5) 15. g5 $36 {[%mdl 2048] [#] Rd1 is the strong threat. Black is under strong pressure.} Nh5 16. Rd1 Bd7 (16... Qa5 $16 {was necessary.}) 17. gxh6 $18 Nxf4 18. exf4 Qc7 19. Qe4 Na5 $2 (19... gxh6 20. Nb5 Qc8) 20. Ne5 {White threatens h7+ and mate.White is clearly winning.} Be8 {[#]} 21. Rd7 $3 {[%mdl 512]} Qc5 (21... Bxd7 22. h7+) 22. b4 Qxf2 23. Rxe7 {h7+ would kill now.} Qg1+ 24. Nd1 Qxh2 {Black got outplayed after the opening. Accuracy: White = 100%, Black = 57%.} 1-0

[Event "Clutch Chess 2020"]
[Site "Online"]
[Date "2020.05.27"]
[Round "1.8"]
[White "Nakamura, Hikaru"]
[Black "So, Wesley"]
[Result "0-1"]
[WhiteElo "2829"]
[BlackElo "2741"]
[Annotator "TA"]
[PlyCount "46"]
[EventDate "2020.05.24"]
[EventType "k.o."]
[SourceTitle "playchess.com"]
[Source "ChessBase"]
[SourceQuality "1"]

{[%evp 12,46,7,0,6,-2,-4,-68,-64,-58,-57,-66,-40,-31,-44,-53,-45,-52,-44,-52,-41,-100,-64,-123,-110,-225,-231,-231,-221,-403,-410,-471,-471,-471,-471,-435,-436]} 1. c4 e5 2. Nc3 Nf6 3. e3 Nc6 4. Nf3 Bb4 5. Qc2 Bxc3 6. Qxc3 Qe7 7. d3 {7.d4 is becoming the main line.} d5 {A28: English Opening: Four Knights Variation.} 8. Be2 O-O {[#]} 9. h3 $146 (9. O-O $11) ({Predecessor:} 9. cxd5 Nxd5 10. Qc2 a5 11. O-O Rd8 12. a3 a4 13. Bd2 Rd6 14. Rfe1 Bg4 15. Bc3 {1-0 (42) Neiksans,A (2613)-Van Wely,L (2668) Jurmala 2017}) 9... e4 $15 {Black is slightly better.} 10. dxe4 Nxe4 11. Qa3 Qxa3 12. bxa3 dxc4 13. Bxc4 Rd8 $36 {[%mdl 2048] Black has the initiative.} 14. Bb2 Na5 15. Be2 c5 16. Ne5 (16. h4 $15) 16... Be6 17. Bf3 {[#]} ({White should try} 17. Bd3 $15 Nd6 18. Bc3) 17... Nxf2 $1 $17 {[%mdl 512]} 18. Bc3 (18. Kxf2 $17 {was worth a try.} Rd2+ {[%mdl 64] Double Attack} 19. Kg3 Rxb2 20. Nd3) 18... Nxh1 $19 19. Bxa5 b6 20. Bc3 $2 (20. Bxa8 Rxa8 21. Ke2) 20... Bd5 21. e4 Bb7 {Black is clearly winning.} 22. Ke2 Ng3+ {[%mdl 64] [#] Double Attack} 23. Ke3 f5 {Accuracy: White = 33%, Black = 94%.} 0-1